| 000 | 00576nam a2200229Ia 4500 | ||
|---|---|---|---|
| 005 | 20230426041549.0 | ||
| 008 | 230125s9999 xx 000 0 und d | ||
| 020 | _a9789350230268 | ||
| 041 | _aeng | ||
| 082 |
_a658.421 _bYAD |
||
| 100 |
_aYadav P _9118221 |
||
| 245 | _aBootstrapping A Software Company | ||
| 250 | _a1st Ed. | ||
| 260 |
_c2010 _bShroff publisher and distributors _aMumbai |
||
| 300 | _a326p | ||
| 500 | _aEntrepreneurship | ||
| 650 |
_aEntrepreneurship _9109338 |
||
| 700 |
_aYadav P _9118221 |
||
| 906 | _b119 | ||
| 942 | _cBK | ||
| 999 |
_c96233 _d96233 |
||